00981cam a2200241 a 4500001001000000003000900010005001700019008004100036020001500077040001800092050002400110082001700134100004200151245018000193246011100373246007100484260004900555300003300604490002200637650002400659650003200683830002400715000011637DO-SdBNP20250527113225.0000719s1998 ck a 001 0 spa  a9588017009 aDO-SdBNPcDLC00aMLCM 2001/00586 (H) a658.4bB453i1 aBeltrá Jaramillo, Jesús Mauricio.10aIndicadores de gestión :bguía práctica para estructurar acertadamente esta herremienta clave para el logro de la competitividad /cJesús Mauricio Beltrán Jaramillo.30aGuía práctica para estructurar acertadamente esta herremienta clave para el logro de la competitividad1 i[subtitle from cover]:aHerramientas para lograr la competitividad aSantafé de Bogotá :b3R Editores,c1998. axiv, 145 p. :bil. ;c24 cm.1 aTemas gerenciales 4aGestion de negocios 0aAdministración industrial 0aTemas gerenciales ;